000 00770cam a2200265 4500500
005 20260405003540.0
041 _afre
042 _adc
100 1 0 _aLacroix, Alexandre
_eauthor
245 0 0 _aNastassja Martin : “Je m’intéresse à la possibilité d’une métamorphose”
260 _c2022.
500 _a62
690 _aAnimal
690 _aAnimisme
690 _aAnthropologie
690 _aChamanisme
690 _aEsprit
690 _aNastassja Martin
690 _aNature
690 _aRêve
690 _aRussie
690 _aSibérie
786 0 _nPhilosophie magazine | 162 | 9 | 2022-09-01 | p. 35-37 | 1951-1787
856 4 1 _uhttps://shs.cairn.info/magazine-philosophie-magazine-2022-9-page-35?lang=fr&redirect-ssocas=7080
999 _c2068613
_d2068613